| 000 | 00517nam a2200133Ia 4500 | ||
|---|---|---|---|
| 008 | 171212s9999 xx 000 0 und d | ||
| 020 | _a9781922144379 | ||
| 100 | _aLal, Brij V. | ||
| 245 |
_cLal, Brij V. _aIntersections _bHistory, Memory, Discipline |
||
| 260 |
_bANU E Press _c2012 |
||
| 650 | _aHistory | ||
| 650 | _aLal, Brij V; East Indians -- Fiji; Fiji -- Politics and government -- 20th century; Fiji -- Politics and government -- 21st century; Australian | ||
| 856 | _uwww.jstor.org/stable/10.2307/j.ctt24hbmh | ||
| 999 |
_c351171 _d351171 |
||